| 000 | 00419cam a2200169ua 4500 | ||
|---|---|---|---|
| 020 | _cRs.8/- | ||
| 041 |
_aeng _h |
||
| 082 |
_a338.624 _bDHA/RO |
||
| 100 | _aDhan P.N, Lydall H.F . | ||
| 245 |
_aRole of small Enterprises / _cDhal. _hTextual Documents |
||
| 260 |
_aMumbai : _bAsia Publishing House , _c1961. |
||
| 300 | _a95 ; . | ||
| 365 | _aRs.8/- | ||
| 504 | _a | ||
| 942 | _cBK | ||
| 999 |
_c12465 _d12465 |
||